000 00301nam a2200133Ia 4500
100 _aShivaswamy/Shashishekar
942 _cBK
366 _f20
245 _aFinite element analysis and programming
260 _bNarosa
_c2010
082 _a620.001
_bSHI
546 _aENGLISH
_cInfo.Tech
999 _c31494
_d31494